| 000 | 00399nam a2200145 a 4500 | ||
|---|---|---|---|
| 001 | 4543 | ||
| 003 | CDMR | ||
| 005 | 20130116135257.0 | ||
| 008 | 130130s1981||||||||||||||||||||||||||||d | ||
| 040 |
_aCDMR _bcat _cCDMR |
||
| 245 | 0 | _aEstudio analítico del proyecto SACI/EXERN del Brasil | |
| 260 |
_aParis _c1981 _bUNESCO |
||
| 490 | 0 |
_aEstudios y documentos de comunicación social _v89 _92715 |
|
| 942 | _cMON | ||
| 999 |
_c4543 _d4543 |
||